00445 2200169 4500001002100000005001500021035002000036245004800056100001700104250001700121300003200138260003900170082001200209084001800221020002200239650001400261INLIS00000000000073620241018083153 a0010-10240000291 aHidup Sehat dengan Menu VCO /cLinda Suhada0 aLinda Suhada aCetakan ke-1 aiv, 98 hlm :bIlus ;c21 cm aJakarta :bAzka Mulia Media,c2007 a641.563 a641.563 LIN h a978-979-1211-65-9 4aKesehatan